| 000 | 00808nab a2200253 u 4500 | ||
|---|---|---|---|
| 001 | 19752 | ||
| 003 | HDC | ||
| 007 | cr bn ---aaaaa | ||
| 008 | 210302c20091218xx dr|noo 0 a eng d | ||
| 040 | _aHDC | ||
| 245 | 0 | _aSarawak's Halal hub in Mukah expanding (Malaysia) | |
| 260 |
_a[No place] : _b[publisher not identified], _c2009 |
||
| 300 | _a1 online resource | ||
| 336 |
_atext _2rdacontent |
||
| 337 |
_acomputer _2rdamedia |
||
| 338 |
_aonline resource _2rdacarrier |
||
| 650 |
_aHalal Hub _92262 |
||
| 650 |
_aInvestments _91553 |
||
| 710 | _aHalal Focus | ||
| 856 | _zRequest full-text at [email protected] | ||
| 942 | _2lcc | ||
| 942 | _cNEWS | ||
| 942 | _kNWSO 006248 | ||
| 999 |
_c17068 _d17068 |
||